[Event "Budapest FS07 IM"]
[Site "Budapest"]
[Date "1999.07.07"]
[Round "5"]
[White "Pham Minh Hoang"]
[Black "Krutti, Valer"]
[Result "1-0"]
[WhiteElo "2421"]
[BlackElo "2357"]
[PlyCount "85"]
[EventDate "1999.07.05"]
[Source "ChessBase"]
[SourceDate "1999.09.14"]

1. c4 c6 2. Nf3 d5 3. b3 Bg4 4. e3 Nf6 5. Be2 Nbd7 6. d4 e6 7. O-O Be7 8. Nbd2 O-O 9. Bb2 a5 10. Rc1 h6 11. Bd3 Bf5 12. Qc2 Bxd3 13. Qxd3 a4 14. Rfe1 axb3 15. axb3 Ra2 16. Rc2 Bb4 17. Rb1 Qa5 18. e4 dxe4 19. Nxe4 Nxe4 20. Qxe4 Ra8 21. g3 Qh5 22. Kg2 Ba3 23. Bc3 Bd6 24. Re1 Nf6 25. Rxa2 Rxa2 26. Qb1 Ra8 27. Qd3 Ra2 28. Qb1 Ra8 29. h3 b5 30. g4 Nxg4 31. Qe4 Nf6 32. Qxc6 Rd8 33. Ba5 Rd7 34. Ne5 Bxe5 35. dxe5 Rd3 36. exf6 Qxh3+ 37. Kg1 Rd4 38. Re4 Rd1+ 39. Be1 gxf6 40. Re3 Qh5 41. cxb5 f5 42. b6 f4 43. b7 1-0

[Event "Moscow ol (Men)"]
[Site "Moscow"]
[Date "1994.??.??"]
[Round "9"]
[White "Contin, Daniel"]
[Black "Wallace, John Paul"]
[Result "0-1"]
[WhiteElo "2425"]
[BlackElo "2345"]
[PlyCount "68"]
[EventDate "1994.11.??"]
[Source "ChessBase"]

1. c4 c6 2. Nf3 d5 3. b3 Bg4 4. e3 Nd7 5. Bb2 Ngf6 6. Be2 e6 7. Nc3 a6 8. d3 Bd6 9. Nd4 Bxe2 10. Qxe2 Rc8 11. g4 h6 12. Kf1 b5 13. Kg2 c5 14. Nc2 Qb6 15. cxd5 exd5 16. e4 d4 17. Nd5 Nxd5 18. exd5+ Kf8 19. Qf3 b4 20. a3 a5 21. axb4 axb4 22. Ra4 Ne5 23. Qe4 Qb5 24. Rd1 Re8 25. Ra7 Bb8 26. Ra8 Ng6 27. Nxd4 cxd4 28. Qxd4 Qxd5+ 29. Qxd5 Nf4+ 30. Kf3 Nxd5 31. Rda1 Kg8 32. R8a5 Nc3 33. Rc5 Kh7 34. Rc4 Bxh2 0-1

[Event "POL-chT U20"]
[Site "?"]
[Date "1999.??.??"]
[Round "?"]
[White "Gratka Krzysztof"]
[Black "Stryjecki Marek"]
[Result "1/2-1/2"]
[WhiteElo "2357"]
[BlackElo "2397"]
[PlyCount "68"]
[EventDate "1999.??.??"]
[Source "www.chesslib.no"]
[SourceDate "2004.05.04"]

1. c4 c6 2. Nf3 d5 3. b3 Bg4 4. Ne5 Bh5 5. d4 e6 6. a3 Nd7 7. Nd3 Bd6 8. g3 Ngf6 9. Bg2 dxc4 10. bxc4 e5 11. c5 Bc7 12. Bb2 Qe7 13. Nd2 O-O 14. Nc4 exd4 15. Bxd4 Ne4 16. Ne3 Ba5+ 17. Kf1 Rfe8 18. Bf3 Bg6 19. Rc1 Rad8 20. Qa4 Nd2+ 21. Kg2 Nxf3 22. exf3 Bd2 23. Rcd1 Bxe3 24. Rhe1 Bxd3 25. Rxd3 Nxc5 26. Bxc5 Qxc5 27. Rexe3 a6 28. Rd7 h6 29. Qf4 Rxd7 30. Rxe8+ Kh7 31. h4 Qd6 32. Qg4 Re7 33. Rf8 g6 34. h5 Kg7 1/2-1/2

[Event "Dortmund op-A"]
[Site "Dortmund GER"]
[Date "1993.??.??"]
[Round "7"]
[White "Telljohann, Sven"]
[Black "Schmidt, Peter"]
[Result "1/2-1/2"]
[WhiteElo "2340"]
[BlackElo "2410"]
[PlyCount "92"]
[EventDate "1993.04.??"]
[Source "www.chesslib.no"]
[SourceDate "2004.05.04"]

1. c4 c6 2. Nf3 d5 3. b3 Bg4 4. e3 Nd7 5. Bb2 Ngf6 6. Be2 e6 7. O-O Bd6 8. d4 Ne4 9. Nbd2 f5 10. Ne5 Bxe2 11. Qxe2 Nxd2 12. Qxd2 O-O 13. Nxd7 Qxd7 14. a4 f4 15. f3 fxe3 16. Qxe3 Bf4 17. Qe2 Rae8 18. g3 Bc7 19. Rad1 dxc4 20. bxc4 c5 21. Ba3 Rf7 22. Bxc5 b6 23. Ba3 Qxa4 24. Bb2 Bd8 25. f4 Bf6 26. Rf3 Rc7 27. Rc1 b5 28. cxb5 Rxc1+ 29. Bxc1 Qxd4+ 30. Kg2 Qd5 31. Qd3 Rc8 32. Qxd5 exd5 33. Be3 d4 34. Bf2 Rd8 35. Kf1 d3 36. Ke1 Rd7 37. Kd1 Kf7 38. Be1 Rd5 39. Kd2 Rxb5 40. Rxd3 Ke6 41. Ra3 Bd4 42. Kd3 Kd5 43. Bd2 Bc5 44. Ra4 g6 45. f5 gxf5 46. Rf4 Ke6 1/2-1/2

[Event "BUL Ch"]
[Site "Bulgaria"]
[Date "1995.??.??"]
[Round "?"]
[White "Ermenkov, Evgenij P"]
[Black "Bratanov, Zsivko"]
[Result "1/2-1/2"]
[WhiteElo "2435"]
[BlackElo "2305"]
[PlyCount "101"]
[EventDate "1995.??.??"]
[Source "www.chesslib.no"]
[SourceDate "2004.05.04"]

1. c4 c6 2. Nf3 d5 3. b3 Bg4 4. e3 e5 5. h3 Bxf3 6. Qxf3 g6 7. Nc3 e4 8. Qd1 Bg7 9. Bb2 Ne7 10. Qc2 O-O 11. Rd1 Qe8 12. Ba3 Nd7 13. cxd5 cxd5 14. Bxe7 Qxe7 15. Nxd5 Qa3 16. Qxe4 Qxa2 17. Qa4 Qxa4 18. bxa4 Nc5 19. a5 Rad8 20. Bc4 Nd3+ 21. Bxd3 Rxd5 22. Be4 Rxa5 23. Bxb7 Rb5 24. Be4 Rb4 25. d4 Bxd4 26. Rxd4 Rxd4 27. exd4 Re8 28. f3 f5 29. Kd2 fxe4 30. Re1 Rd8 31. Rxe4 Kf7 32. Kc3 a5 33. Re5 Ra8 34. Kb3 Rb8+ 35. Ka3 Rb4 36. Re4 Kf6 37. h4 h5 38. g3 Kf5 39. Rf4+ Ke6 40. g4 Kd5 41. gxh5 gxh5 42. Rf5+ Kxd4 43. Rxa5 Rc4 44. Kb2 Ke3 45. Rxh5 Kxf3 46. Rh8 Kg4 47. h5 Kg5 48. h6 Kg6 49. h7 Kg7 50. Kb3 Kxh8 51. Kxc4 1/2-1/2

[Event "RUS-chJ U18"]
[Site "?"]
[Date "2000.??.??"]
[Round "?"]
[White "Khismatullin Denis"]
[Black "Sitnikov Dmitrij"]
[Result "0-1"]
[WhiteElo "2285"]
[BlackElo "2438"]
[PlyCount "84"]
[EventDate "2000.??.??"]
[Source "www.chesslib.no"]
[SourceDate "2004.05.04"]

1. c4 c6 2. Nf3 d5 3. b3 Bg4 4. Bb2 Nd7 5. Nc3 Ngf6 6. cxd5 cxd5 7. Rc1 Rc8 8. h3 Bxf3 9. gxf3 e6 10. Rg1 a6 11. e3 Rc6 12. f4 g6 13. Ne2 Rxc1 14. Qxc1 Bd6 15. Nd4 Ke7 16. Bxa6 Qa8 17. Bb5 Qxa2 18. Qc2 Qa8 19. Ke2 Rc8 20. Qb1 Ba3 21. Rc1 Rxc1 22. Qxc1 Bxb2 23. Qxb2 Qa5 24. Qc2 Ne4 25. f3 Nd6 26. Qc3 Qxc3 27. dxc3 Nxb5 28. Nxb5 Nc5 29. b4 Na4 30. Kd2 f6 31. Na3 Nb6 32. Kd3 e5 33. fxe5 fxe5 34. c4 e4+ 35. fxe4 dxc4+ 36. Kd4 g5 37. Kc5 h5 38. Nc2 g4 39. Nd4 g3 40. Ne2 g2 41. Kxb6 c3 42. b5 g1=Q 0-1

[Event "ISR-chT"]
[Site "Israel"]
[Date "1998.01.15"]
[Round "1"]
[White "Shabtai, Ran"]
[Black "Tyomkin, Dimitri"]
[Result "1/2-1/2"]
[WhiteElo "2280"]
[BlackElo "2440"]
[PlyCount "76"]
[EventDate "1998.??.??"]
[Source "ChessBase"]
[SourceDate "1998.01.31"]

1. c4 c6 2. Nf3 d5 3. b3 Bg4 4. e3 e6 5. Bb2 Nf6 6. h3 Bh5 7. Be2 Nbd7 8. O-O Bd6 9. d3 O-O 10. Nbd2 Qe7 11. e4 dxe4 12. dxe4 e5 13. Nh4 Bg6 14. Nxg6 hxg6 15. Qc2 a5 16. Rad1 Rfe8 17. Bf3 a4 18. g3 Ba3 19. Ba1 Bb4 20. Bg2 axb3 21. axb3 Nc5 22. Nf3 Nfd7 23. Ne1 Ra3 24. Rb1 Rea8 25. Bc3 Ra2 26. Qc1 Ne6 27. Nf3 Qc5 28. Bxb4 Qxb4 29. Rd1 Nec5 30. Qe3 Rc2 31. Ne1 Rca2 32. h4 Nf6 33. Bf3 b5 34. cxb5 cxb5 35. Nd3 Nxd3 36. Rxd3 Ra1 37. Rxa1 Rxa1+ 38. Kg2 Kh7 1/2-1/2

[Event "Ch team"]
[Site "?"]
[Date "2002.??.??"]
[Round "3"]
[White "Gunnarsson Arinbjorn"]
[Black "Olafsson Helgi"]
[Result "1/2-1/2"]
[WhiteElo "2240"]
[BlackElo "2474"]
[PlyCount "54"]
[EventDate "2002.??.??"]
[Source "www.chesslib.no"]
[SourceDate "2004.05.04"]

1. c4 c6 2. Nf3 d5 3. b3 Bg4 4. Bb2 Nf6 5. d3 Bxf3 6. exf3 e6 7. g3 g6 8. Bg2 Bg7 9. O-O O-O 10. Nd2 Ne8 11. Bxg7 Nxg7 12. f4 a5 13. Nf3 Na6 14. a3 Nc5 15. d4 Ne4 16. c5 b6 17. b4 f6 18. Qc2 Rf7 19. Rfb1 Rfa7 20. Qb2 axb4 21. axb4 Qb8 22. Rxa7 Qxa7 23. Ne1 bxc5 24. bxc5 Qa2 25. Bxe4 Qxb2 26. Rxb2 dxe4 27. Re2 f5 1/2-1/2

[Event "Malaga (7eme open)"]
[Site "?"]
[Date "2004.02.23"]
[Round "4.9"]
[White "Perez Candelario Manuel"]
[Black "Nava Baro Enrique"]
[Result "1-0"]
[WhiteElo "2504"]
[BlackElo "2207"]
[PlyCount "79"]
[EventDate "2004.??.??"]
[Source "www.chesslib.no"]
[SourceDate "2004.05.04"]

1. c4 c6 2. Nf3 d5 3. b3 Bg4 4. Bb2 Nd7 5. e3 e6 6. Be2 f5 7. Nd4 Bxe2 8. Qxe2 Qf6 9. cxd5 exd5 10. O-O Nh6 11. f4 Qf7 12. Nf3 Be7 13. Na3 O-O 14. Nc2 Rfe8 15. Ne5 Nxe5 16. fxe5 Bc5 17. h3 Qg6 18. Ne1 Re6 19. Nd3 Bb6 20. Nf4 Qe8 21. Nxe6 Qxe6 22. d4 Bd8 23. Qh5 Be7 24. a4 Qf7 25. Qxf7+ Kxf7 26. Ba3 Bxa3 27. Rxa3 Ke6 28. b4 Nf7 29. Rc1 a6 30. Rb3 Rc8 31. Kf1 Ng5 32. Ke2 Ne4 33. Rb2 Rc7 34. b5 axb5 35. axb5 c5 36. dxc5 Rxc5 37. Rxc5 Nxc5 38. Rc2 b6 39. Rxc5 bxc5 40. b6 1-0

[Event "Brno-B"]
[Site "Brno"]
[Date "1994.??.??"]
[Round "1"]
[White "Mudrak, Josef"]
[Black "Velicka, Petr"]
[Result "0-1"]
[WhiteElo "2290"]
[BlackElo "2415"]
[PlyCount "86"]
[EventDate "1994.??.??"]
[Source "www.chesslib.no"]
[SourceDate "2004.05.04"]

1. c4 c6 2. Nf3 d5 3. b3 Bg4 4. Bb2 Bxf3 5. gxf3 Nf6 6. e3 g6 7. cxd5 cxd5 8. Bxf6 exf6 9. Nc3 Nc6 10. Bb5 Rc8 11. Qe2 a6 12. Bxc6+ Rxc6 13. Qd3 Rd6 14. Ne2 Bg7 15. Rc1 O-O 16. Rc5 f5 17. h4 h5 18. Nf4 Be5 19. Nxh5 gxh5 20. Qxf5 Bg7 21. Qxh5 b6 22. Rc2 Qf6 23. Kf1 d4 24. Rg1 Rfd8 25. e4 d3 26. Rc7 Qa1+ 27. Kg2 Rg6+ 28. Qxg6 Qxg1+ 29. Kxg1 fxg6 30. Kf1 Be5 31. Rc6 Rd6 32. Rc7 Bf4 33. Ke1 Kf8 34. Kd1 Ke8 35. Kc1 Rd7 36. Rc8+ Ke7 37. b4 Rc7+ 38. Rxc7+ Bxc7 39. Kb2 Be5+ 40. Kb3 b5 41. f4 Bd4 42. f3 Ke6 43. a3 Bf6 0-1

[Event "BL2-W 9394"]
[Site "GER"]
[Date "1994.??.??"]
[Round "?"]
[White "Heinbuch, Detlef"]
[Black "Balzar, Andreas"]
[Result "1/2-1/2"]
[WhiteElo "2370"]
[BlackElo "2330"]
[PlyCount "92"]
[EventDate "1993.10.??"]
[Source "www.chesslib.no"]
[SourceDate "2004.05.04"]

1. c4 c6 2. Nf3 d5 3. b3 Bg4 4. Bb2 Nd7 5. d4 e6 6. Nbd2 f5 7. g3 Bd6 8. Bg2 Nh6 9. Qc1 Bc7 10. Bc3 O-O 11. e3 Nf7 12. Qb2 Bh5 13. O-O-O b5 14. c5 a5 15. Qc2 Qe7 16. Rde1 b4 17. Bb2 a4 18. Bf1 Ra7 19. Ng1 axb3 20. axb3 e5 21. Be2 Bxe2 22. Rxe2 Ng5 23. f4 exf4 24. exf4 Ne4 25. Ngf3 Qf7 26. Ne5 Bxe5 27. fxe5 Rfa8 28. Rhe1 Nf8 29. Nxe4 fxe4 30. Qd2 Ne6 31. Rf2 Qb7 32. Kc2 Ra2 33. Rff1 Qa6 34. Ra1 Qb5 35. Rxa2 Rxa2 36. Ra1 Rxa1 37. Bxa1 h6 38. Bb2 Kh7 39. Bc1 Nd8 40. Qe3 Ne6 41. Bd2 Qb7 42. Qf2 Kg6 43. h4 Qa7 44. h5+ Kh7 45. Qf5+ Kh8 46. Qxe6 Qa2+ 1/2-1/2

[Event "SWE-chT 0203"]
[Site "Helsingborg"]
[Date "2002.10.11"]
[Round "1"]
[White "Webb, Simon"]
[Black "Akesson, Joel"]
[Result "1-0"]
[WhiteElo "2420"]
[BlackElo "2245"]
[PlyCount "145"]
[EventDate "2002.10.11"]
[Source "ChessBase"]
[SourceDate "2002.11.06"]

1. c4 c6 2. Nf3 d5 3. b3 Bg4 4. d4 Bxf3 5. gxf3 e6 6. e3 Nd7 7. Bd3 Ngf6 8. Bb2 Qa5+ 9. Kf1 dxc4 10. Bxc4 Qh5 11. Nd2 Bb4 12. Be2 Qh3+ 13. Kg1 h5 14. Bf1 Qf5 15. Bg2 h4 16. h3 Rh6 17. Nc4 Rg6 18. a3 Be7 19. Rh2 Rd8 20. Qe2 Qh5 21. Kf1 Qb5 22. Ne5 Qxe2+ 23. Kxe2 Nxe5 24. dxe5 Nd7 25. f4 Nc5 26. b4 Na4 27. Bd4 c5 28. Bxb7 cxd4 29. Bc6+ Kf8 30. Bxa4 dxe3 31. Kxe3 Rc8 32. Bb5 f6 33. Bd3 Rh6 34. Rhh1 fxe5 35. fxe5 Rh5 36. f4 g5 37. f5 exf5 38. Bxf5 Rd8 39. Rhd1 Rh6 40. Rxd8+ Bxd8 41. Rc1 Rb6 42. Kd4 Ke7 43. Rb1 Rc6 44. a4 Bb6+ 45. Kd3 Bc7 46. Re1 Rb6 47. b5 Rb8 48. Ke4 Rd8 49. Rc1 Bb6 50. Rc4 Rd2 51. Bg4 Rf2 52. Kd5 Rf1 53. Kc6 Re1 54. e6 Re3 55. Kb7 Ra3 56. Re4 Ra1 57. Bf5 Ra3 58. Bg4 Ra1 59. Re5 Rxa4 60. Rxg5 Re4 61. Rh5 Bf2 62. Rh7+ Kd6 63. Rd7+ Kc5 64. e7 Kxb5 65. Bh5 a5 66. e8=Q Rxe8 67. Bxe8 Kb4 68. Rf7 Bg3 69. Rg7 Kb3 70. Rg4 Kc2 71. Ka6 Be1 72. Re4 Kd1 73. Ba4+ 1-0

[Event "It"]
[Site "Piestany"]
[Date "2004.11.25"]
[Round "10"]
[White "Lyanguzov, Oleg"]
[Black "Smolen, Jan"]
[Result "1/2-1/2"]
[WhiteElo "2326"]
[BlackElo "2334"]
[PlyCount "64"]
[EventDate "2004.11.17"]
[Source "Roberto Alvarez"]
[SourceDate "2004.11.29"]

1. c4 c6 2. Nf3 d5 3. b3 Bg4 4. Ne5 Bf5 5. Bb2 f6 6. Nf3 e5 7. e3 Bd6 8. d3 Ne7 9. Be2 O-O 10. O-O Nd7 11. Nc3 Be6 12. Re1 Ng6 13. cxd5 cxd5 14. Qd2 a6 15. Bf1 b5 16. Rac1 b4 17. Na4 Ne7 18. Rc2 Qe8 19. Rec1 Bg4 20. Ne1 f5 21. d4 e4 22. f4 exf3 23. gxf3 Bh5 24. f4 Rf6 25. Nc5 Rg6+ 26. Kh1 Nf6 27. Qxb4 Ne4 28. Qa4 Qf7 29. Ncd3 Qf6 30. Ng2 Bf3 31. Nde1 Qh4 32. Nxf3 Nf2+ 1/2-1/2

[Event "IHEM"]
[Site "Hamburg"]
[Date "1999.05.27"]
[Round "6.12"]
[White "Pajeken, Wolfgang"]
[Black "Hegeler, Frank"]
[Result "0-1"]
[WhiteElo "2293"]
[BlackElo "2356"]
[PlyCount "118"]
[EventDate "1999.05.22"]
[Source "ChessBase"]
[SourceDate "1999.10.01"]

1. c4 c6 2. Nf3 d5 3. b3 Bg4 4. e3 Nd7 5. Bb2 Ngf6 6. h3 Bh5 7. Nc3 e6 8. cxd5 exd5 9. Be2 Be7 10. Qc2 O-O 11. g4 Bg6 12. d3 Bb4 13. O-O-O c5 14. g5 d4 15. gxf6 dxc3 16. Bxc3 Bxc3 17. Qxc3 Nxf6 18. Rhg1 Nd5 19. Qb2 Qa5 20. Ne5 Nc3 21. Rd2 Nxa2+ 22. Kb1 Nc3+ 23. Kc2 Nxe2 24. Rxe2 b5 25. f4 c4 26. f5 cxd3+ 27. Nxd3 Rac8+ 28. Kb1 Qc3 29. Qxc3 Rxc3 30. fxg6 Rxd3 31. Kc2 Rd6 32. gxh7+ Kxh7 33. Kc3 a5 34. Rg5 f5 35. e4 Re6 36. Reg2 g6 37. exf5 Rxf5 38. Rxf5 gxf5 39. Rg5 Rf6 40. Kd4 f4 41. Rxb5 f3 42. Rxa5 f2 43. Ra1 f1=Q 44. Rxf1 Rxf1 45. b4 Rf5 46. Kc4 Kg7 47. b5 Kf7 48. b6 Ke7 49. b7 Rf8 50. Kc5 Kd7 51. Kb6 Rb8 52. h4 Rh8 53. h5 Rf8 54. h6 Re8 55. h7 Rh8 56. Ka6 Kc7 57. Ka7 Rf8 58. h8=Q Rxh8 59. b8=Q+ Rxb8 0-1

[Event "WJun Girls"]
[Site "?"]
[Date "2005.11.11"]
[Round "3"]
[White "Dzagnidze Nana"]
[Black "Bensdorp Marlies"]
[Result "1-0"]
[WhiteElo "2443"]
[BlackElo "2199"]
[PlyCount "89"]
[EventDate "2005.??.??"]
[Source "www.chesslib.no"]
[SourceDate "2004.05.04"]

1. c4 c6 2. Nf3 d5 3. b3 Bg4 4. Bb2 e6 5. g3 Nf6 6. Bg2 Nbd7 7. O-O Bd6 8. d3 O-O 9. Nbd2 e5 10. h3 Bh5 11. Nh4 Re8 12. cxd5 cxd5 13. Rc1 Nb6 14. Nf5 Bf8 15. Nf3 d4 16. Nd2 Qd7 17. g4 Bg6 18. Ne4 Nfd5 19. Nfg3 Rac8 20. Bf3 f6 21. Kh2 a5 22. a3 Bf7 23. Qd2 a4 24. b4 Na8 25. e3 dxe3 26. fxe3 b6 27. Bg2 Rxc1 28. Bxc1 Be6 29. Bb2 Nac7 30. Qf2 Ne7 31. Qxf6 Ng6 32. Qf2 Qxd3 33. Ng5 Bb3 34. Be4 Qd6 35. Nxh7 Kxh7 36. Nf5 Qf6 37. Nh4 Qxf2+ 38. Rxf2 Kg8 39. Nxg6 Bd6 40. Rd2 Nb5 41. Bc6 Re6 42. Nh4 e4+ 43. Kg2 Bc4 44. Bd7 Rh6 45. Nf5 1-0

[Event "Budapest HUN"]
[Site "?"]
[Date "1999.03.09"]
[Round "4"]
[White "Pham Minh Hoang 2"]
[Black "Serrer Christoph"]
[Result "1-0"]
[WhiteElo "2357"]
[BlackElo "2285"]
[PlyCount "63"]
[EventDate "1999.??.??"]
[Source "www.chesslib.no"]
[SourceDate "2004.05.04"]

1. c4 c6 2. Nf3 d5 3. b3 Bg4 4. Ne5 Bf5 5. Bb2 Nd7 6. d3 Nxe5 7. Bxe5 f6 8. Bb2 e5 9. Nd2 Bd6 10. cxd5 cxd5 11. e4 Be6 12. d4 exd4 13. Bb5+ Kf8 14. O-O Ne7 15. Bxd4 a6 16. Be2 Rc8 17. Bg4 Bxg4 18. Qxg4 Bc5 19. Nf3 dxe4 20. Rad1 Qb6 21. Qxe4 Bxd4 22. Nxd4 Kf7 23. Nf5 Nxf5 24. Rd7+ Kg6 25. Qg4+ Kh6 26. Qxf5 Rc5 27. Qf4+ Kg6 28. h4 Rg8 29. Qe4+ Kh6 30. Qe3+ Kg6 31. h5+ Kf5 32. Rd5+ 1-0

[Event "SLO-chT sf"]
[Site "?"]
[Date "1996.??.??"]
[Round "4"]
[White "Basagic Zlatko"]
[Black "Furlan Miha"]
[Result "1-0"]
[WhiteElo "2360"]
[BlackElo "2280"]
[PlyCount "41"]
[EventDate "1996.??.??"]
[Source "www.chesslib.no"]
[SourceDate "2004.05.04"]

1. c4 c6 2. Nf3 d5 3. b3 Bg4 4. Bb2 Nd7 5. d3 Bxf3 6. gxf3 e6 7. f4 Qh4 8. e3 Nh6 9. Qf3 Bb4+ 10. Nd2 O-O 11. Rg1 g6 12. O-O-O Rfd8 13. Rg5 Be7 14. Qg2 Bxg5 15. fxg5 Nf5 16. Nf3 Qh5 17. Be2 f6 18. gxf6 Nh4 19. Qh3 Nf5 20. Qxh5 gxh5 21. Rg1+ 1-0

[Event "ITA Team Ch"]
[Site "Italy"]
[Date "1994.??.??"]
[Round "?"]
[White "Sarno, Spartaco"]
[Black "Valenti, Giuseppe"]
[Result "1-0"]
[WhiteElo "2395"]
[BlackElo "2245"]
[PlyCount "81"]
[EventDate "1994.??.??"]
[Source "www.chesslib.no"]
[SourceDate "2004.05.04"]

1. c4 c6 2. Nf3 d5 3. b3 Bg4 4. Bb2 Nd7 5. g3 Bxf3 6. exf3 Ngf6 7. f4 e6 8. Be2 Bd6 9. O-O O-O 10. d4 Rc8 11. c5 Bb8 12. Qc2 Re8 13. Nd2 Nf8 14. Rfe1 Ng6 15. Bd3 Qc7 16. Nf3 Nf8 17. b4 N6d7 18. Re3 b6 19. Ba6 Rcd8 20. Rc1 bxc5 21. bxc5 Ng6 22. Rce1 Nf6 23. Rb3 Re7 24. Bc3 Qd7 25. Ba5 Rf8 26. Reb1 Bc7 27. Rb7 Qd8 28. Bxc7 Rxc7 29. Qa4 Rxb7 30. Rxb7 Ne4 31. Bd3 Qf6 32. Qc2 Qf5 33. Ne5 Nxe5 34. dxe5 Qh5 35. Kg2 f6 36. Bxe4 dxe4 37. Qxe4 fxe5 38. fxe5 Qd1 39. Qxc6 Qe2 40. Qxe6+ Kh8 41. Qf5 1-0

[Event "Foment Open"]
[Site "Foment"]
[Date "1994.??.??"]
[Round "?"]
[White "Vidarte Morales, Arturo"]
[Black "Garcia, R."]
[Result "1/2-1/2"]
[WhiteElo "2350"]
[BlackElo "2280"]
[PlyCount "71"]
[EventDate "1994.??.??"]
[Source "www.chesslib.no"]
[SourceDate "2004.05.04"]

1. c4 c6 2. Nf3 d5 3. b3 Bg4 4. Ne5 Bf5 5. Bb2 Nf6 6. d3 Nbd7 7. Nf3 e6 8. g3 Bd6 9. Bg2 O-O 10. O-O Qe7 11. Nbd2 Rfd8 12. a3 e5 13. Nh4 Bg4 14. h3 Be6 15. e4 Nc5 16. Qc2 dxe4 17. dxe4 a5 18. Bc3 Ne8 19. Nf5 Qc7 20. Rfd1 Bf8 21. Ne3 f6 22. b4 axb4 23. axb4 Rxa1 24. Rxa1 Na6 25. Rb1 Qd7 26. h4 Bf7 27. Bf1 Nac7 28. Nb3 Ne6 29. Rd1 Qc7 30. c5 b6 31. cxb6 Qxb6 32. Nc4 Qc7 33. Rd2 Nd6 34. Nxd6 Rxd6 35. Rxd6 Qxd6 36. Qd2 1/2-1/2

[Event "AUT-chT2W 0001"]
[Site "?"]
[Date "2000.10.29"]
[Round "3.2"]
[White "Duer Arne"]
[Black "Lawitsch Guenther"]
[Result "1/2-1/2"]
[WhiteElo "2366"]
[BlackElo "2264"]
[PlyCount "44"]
[EventDate "2000.??.??"]
[Source "www.chesslib.no"]
[SourceDate "2004.05.04"]

1. c4 c6 2. Nf3 d5 3. b3 Bg4 4. Bb2 Bxf3 5. gxf3 e6 6. e3 Nd7 7. f4 Nc5 8. d3 dxc4 9. dxc4 Qh4 10. Nc3 Rd8 11. Qf3 f5 12. Rd1 Rxd1+ 13. Qxd1 Nf6 14. Be2 Qh3 15. Bf1 Qh4 16. Be2 Qh3 17. Bf1 Qh4 18. Be2 h5 19. Bf3 a5 20. h3 Be7 21. Qc2 O-O 22. Ke2 Rd8 1/2-1/2

[Event "Obro-B"]
[Site "Copenhagen"]
[Date "1990.??.??"]
[Round "2"]
[White "Schwartzman, Gabriel"]
[Black "Bang, Andreas"]
[Result "1/2-1/2"]
[WhiteElo "2285"]
[BlackElo "2345"]
[PlyCount "52"]
[EventDate "1990.??.??"]
[Source "www.chesslib.no"]
[SourceDate "2004.05.04"]

1. c4 c6 2. Nf3 d5 3. b3 Bg4 4. Bb2 Nd7 5. g3 Bxf3 6. exf3 Ngf6 7. Bh3 e6 8. O-O Be7 9. d4 O-O 10. Nd2 dxc4 11. Nxc4 Qc7 12. Qe2 Rad8 13. f4 Rfe8 14. Ne5 Bf8 15. Rac1 Qa5 16. Bc3 Qb6 17. f5 exf5 18. Bxf5 Bb4 19. Ba1 Nf8 20. Qc4 Ne6 21. Rcd1 g6 22. Bb1 Bf8 23. Rfe1 Bg7 24. Re2 Rd5 25. Red2 Red8 26. Nf3 Qc7 1/2-1/2

[Event "SLO-ch"]
[Site "?"]
[Date "1998.??.??"]
[Round "1"]
[White "Ivacic Vladimir"]
[Black "Podkriznik Gregor"]
[Result "1/2-1/2"]
[WhiteElo "2295"]
[BlackElo "2330"]
[PlyCount "77"]
[EventDate "1998.??.??"]
[Source "www.chesslib.no"]
[SourceDate "2004.05.04"]

1. c4 c6 2. Nf3 d5 3. b3 Bg4 4. Bb2 Nd7 5. e3 Ngf6 6. Be2 e6 7. h3 Bh5 8. Nc3 Bd6 9. d4 O-O 10. O-O Re8 11. Qc2 dxc4 12. bxc4 e5 13. d5 Nc5 14. e4 Rc8 15. dxc6 Rxc6 16. Rfe1 Bc7 17. Rad1 Qc8 18. Nd5 Ncxe4 19. Nxe5 Bxe5 20. Bxe5 Bxe2 21. Rxe2 Rxe5 22. Nxf6+ gxf6 23. Rxe4 Rxe4 24. Qxe4 Rxc4 25. Qe7 Rc1 26. Rxc1 Qxc1+ 27. Kh2 Qb2 28. f4 Qxa2 29. Qxb7 Kg7 30. Qd7 Qf2 31. Qg4+ Kf8 32. Qc8+ Kg7 33. Qg4+ Kf8 34. Qc8+ Ke7 35. Qc7+ Ke6 36. Qc8+ Ke7 37. Qc7+ Ke6 38. Qc8+ Kd6 39. Qd8+ 1/2-1/2

[Event "Montecatini Terme"]
[Site "?"]
[Date "1999.??.??"]
[Round "5"]
[White "Corvi Marco"]
[Black "Trabert Bettina"]
[Result "0-1"]
[WhiteElo "2330"]
[BlackElo "2285"]
[PlyCount "104"]
[EventDate "1999.??.??"]
[Source "www.chesslib.no"]
[SourceDate "2004.05.04"]

1. c4 c6 2. Nf3 d5 3. b3 Bg4 4. e3 Nd7 5. Bb2 Ngf6 6. Be2 e6 7. d3 h6 8. Nbd2 Bd6 9. O-O O-O 10. Rc1 Re8 11. Re1 a5 12. d4 Qb8 13. Qc2 Bxf3 14. Nxf3 Ne4 15. g3 f5 16. a3 g6 17. Nd2 Ndf6 18. Nxe4 Nxe4 19. Bd3 Rf8 20. f3 Ng5 21. Qg2 Kh7 22. Rc2 Qd8 23. h4 Nf7 24. e4 dxe4 25. fxe4 c5 26. exf5 exf5 27. h5 Nh8 28. hxg6+ Nxg6 29. Qxb7+ Bc7 30. Re6 Rb8 31. Qf3 Rxb3 32. Qh5 Qg5 33. Qxg5 hxg5 34. Rh2+ Nh4 35. Re3 Kg8 36. Rf2 Ng6 37. Re6 Rxd3 38. Rxg6+ Kh7 39. Rxg5 Rxg3+ 40. Rxg3 Bxg3 41. Rf3 f4 42. d5 Kg6 43. Be5 Kf5 44. Bd6 Rc8 45. Rb3 Ke4 46. Rb5 Kd4 47. Rxa5 Kxc4 48. Bxf4 Bxf4 49. Ra4+ Kxd5 50. Rxf4 c4 51. Rf1 c3 52. Rc1 Kd4 0-1

[Event "BL2-W 9495"]
[Site "GER"]
[Date "1995.??.??"]
[Round "?"]
[White "Balster, Stefan"]
[Black "Fischdick, Gisela"]
[Result "1-0"]
[WhiteElo "2295"]
[BlackElo "2295"]
[PlyCount "121"]
[EventDate "1994.10.??"]
[Source "www.chesslib.no"]
[SourceDate "2004.05.04"]

1. c4 c6 2. Nf3 d5 3. b3 Bg4 4. e3 Nf6 5. Bb2 e6 6. Be2 Nbd7 7. O-O Bd6 8. d3 O-O 9. Nbd2 Qb8 10. h3 Bh5 11. a3 a5 12. Nd4 Bxe2 13. Qxe2 Rd8 14. cxd5 exd5 15. g4 g6 16. g5 Nh5 17. Nf5 gxf5 18. Qxh5 Be5 19. d4 Bg7 20. Qf3 Qd6 21. Qxf5 Re8 22. Rae1 a4 23. b4 Qe6 24. Qxe6 Rxe6 25. f4 Nb6 26. f5 Ree8 27. Kf2 Rad8 28. Kf3 Rd7 29. h4 h5 30. Re2 Kh7 31. Rfe1 Rdd8 32. e4 dxe4+ 33. Rxe4 Rxe4 34. Rxe4 Nd5 35. Nc4 Kg8 36. Ne5 Bf8 37. Nd3 Bd6 38. Nc5 b5 39. Nb7 Rd7 40. Re8+ Bf8 41. Nc5 Re7 42. Rxe7 Bxe7 43. Nd7 Bd6 44. Ne5 Ne7 45. Ke4 Bc7 46. Bc1 Bd6 47. Bd2 Bc7 48. Be1 Nc8 49. Nxc6 Nd6+ 50. Kd3 Nc4 51. Na5 Nxa3 52. Kc3 Bb6 53. Kb2 Bxa5 54. bxa5 Nc4+ 55. Ka2 Kf8 56. a6 Nb6 57. a7 Na8 58. Ba5 Ke7 59. d5 Kd7 60. g6 fxg6 61. fxg6 1-0

[Event "Budapest FS09 IM-B"]
[Site "Budapest"]
[Date "1993.??.??"]
[Round "?"]
[White "Zak, Uriel"]
[Black "Muse, Drazen"]
[Result "1-0"]
[WhiteElo "2285"]
[BlackElo "2300"]
[PlyCount "65"]
[EventDate "1993.09.??"]
[Source "www.chesslib.no"]
[SourceDate "2004.05.04"]

1. c4 c6 2. Nf3 d5 3. b3 Bg4 4. e3 e6 5. Bb2 Nd7 6. Be2 Ngf6 7. cxd5 cxd5 8. Ne5 Bxe2 9. Qxe2 Nxe5 10. Bxe5 Rc8 11. O-O Bd6 12. Bxd6 Qxd6 13. Qb5+ Qd7 14. Qb4 Ne4 15. Nc3 Nxc3 16. dxc3 a6 17. e4 Qe7 18. exd5 Qxb4 19. cxb4 exd5 20. Rad1 O-O 21. Rxd5 Rc2 22. a4 Rb2 23. Rd3 Re8 24. Rc1 g6 25. g3 Ree2 26. Rf3 Re7 27. Kg2 b5 28. Rc8+ Kg7 29. axb5 axb5 30. Rb8 f5 31. Rxb5 Re4 32. Rb7+ Kh6 33. h4 1-0